000 00948nam a22002897a 4500
001 9552
003 FISKH
005 20260123094728.0
008 260123b cb ||||| |||| 00| 0 eng d
020 _a9780618935406
040 _aFISKH
_beng
_cFISKH
_dFISKH
050 _aQL758 .K46
082 _a591.5
100 _aKenah , Katharine
245 _aPredator attack ! /
_cBy Katharine Kenah
250 _aHoughton Mufflin Edition
260 _aBoston :
_bHoughton Mufflin ,
_c2005 .
300 _a32 pages :
_bcolor illustrations ;
_c23 cm .
490 _aExtreme Readers
_v (Level 3)
505 _aO
520 _aExplains what a predator is, and features photographs and information about how various predators catch their prey. Includes additional facts about each featured animal.
521 8 _a620
_bLexile
521 8 _aO
_bRaz-Plus
650 _aSchool age
_vNon-fiction
942 _2ddc
_cBK
_n0
999 _c9552
_d9552